| 000 | 00578nam a2200193 4500 | ||
|---|---|---|---|
| 005 | 20240930114835.0 | ||
| 010 | _aENG-141828 | ||
| 020 |
_a9789390951369 _c699.00 |
||
| 035 | _aEN-125360 | ||
| 037 | _bDBAD/PUB | ||
| 082 | _a305.5688 | ||
| 100 |
_aSatya Prakesh _972184 |
||
| 245 |
_aVulnerable Vice Chancellor: _cSATYA PRAKESH |
||
| 260 |
_anodia _bAllied publishers PVT. LTD _c2023 |
||
| 270 |
_aD-5,SECTOR-2, Nodia. _bnodia _e201301 _mdelhi.books@alliedpublishers.com |
||
| 300 |
_a306p _c25cm(hb) |
||
| 700 | _972163 | ||
| 942 |
_2ddc _cEN _h305.5688 _mSAT |
||
| 999 |
_c206006 _d206006 |
||